| 000 | 00972nam a2200289 i 4500 | ||
|---|---|---|---|
| 001 | 14167 | ||
| 003 | DO-SdBPM | ||
| 005 | 20250107124650.0 | ||
| 007 | 14167 | ||
| 008 | 880411s1987 sp spa | ||
| 020 | _a844020020X | ||
| 040 |
_aDO-SdBPM _bspa _cBPMSU |
||
| 082 | 4 |
_a843.8 _bV531J 1987 _222 |
|
| 100 | 1 |
_aVerne, Julio _d1828-1905 |
|
| 240 | 1 | 0 |
_aHier et demain _lEspañol |
| 245 | 1 | 0 |
_aJulio Verne : _b Ayer y mañana / _cJulio Verne ; traducción de los cuatro primeros relatos, edición de Sáenz de Jubera, revisada por Elisenda Bachs, de los dos últimos, Domingo Santos |
| 260 | 1 |
_aBarcelona : _bEdiciones Orbis, _c1987 |
|
| 300 |
_a252 p. : _bil.; _c20 cm. |
||
| 490 | 0 |
_aJulio Verne, _v47 |
|
| 590 | _aInventariado, 2025/VM | ||
| 650 | 4 | _aNovela juvenil francesa | |
| 650 | 4 | _aLiteratura juvenil francesa | |
| 700 | 1 |
_aSáenz de Jubera _eed |
|
| 700 | 1 |
_aSantos, Domingo _d1941- |
|
| 910 | _aVMateo V. Control de calidad. BPMSU | ||
| 942 |
_2ddc _cBK |
||
| 999 |
_c8669 _d8669 |
||